000 00497nam a2200193Ia 4500
008 240510s9999 xx 000 0 und d
020 _a0000938862944
041 _aEng
082 _a004.16
082 _bS71
100 _aSTAGNER, Walter
245 0 _aCloning around : A guide to PC compatibles
260 _bWeber Sustems, Chesterland, Ohio
260 _c1988
300 _a229 p.
650 _aPersonal computers : PC compatibles : comptuer hardware
942 _2ddc
942 _cLBK
999 _c26336
_d26336
945 _a1
_bMadushi Gamage
_c1
_dMadushi Gamage